|
|
|
|
| LEADER |
00000cam a2200000 7i4500 |
| 001 |
0000027512 |
| 005 |
20170426.0 |
| 008 |
170329 -usa eng |
| 020 |
|
|
|a 007111680X
|
| 040 |
|
|
|a INS
|b eng
|e rda
|
| 090 |
0 |
0 |
|a QA76.64
|b W8 2006
|
| 100 |
1 |
|
|a Wu, C. Thomas ,
|e author
|
| 245 |
1 |
3 |
|a An introduction to object-oriented programming with Java
|c C. Thomas Wu
|
| 250 |
|
|
|a Fourth Edition
|
| 264 |
|
1 |
|a United States :
|b McGraw-Hill
|c 2006
|
| 300 |
|
|
|a 950 pages :
|b some color pages, some color illustration ;
|c 23 cm.
|
| 336 |
|
|
|a text
|2 rdacontent
|
| 337 |
|
|
|a unmediated
|2 rdamedia
|
| 338 |
|
|
|a volume
|2 rdacarrier
|
| 500 |
|
|
|a Includes index
|
| 650 |
|
0 |
|a Java (Computer program language)
|
| 650 |
|
0 |
|a Object-oriented programming (Computer science)
|
| 999 |
|
|
|a 0000023846
|b BOOK
|c Open Shelf
|e Default branch
|